A lövést senki se hallotta : detektívtörténet három felvonásban /

Hlavní autor: Váh, Juraj, 1925-1976
Další autoři: Péter, László, 1926-2019
Jazyk: Maďarština
Vydáno: Bratislava : Slovenské divadelné a literárne zastupiteľstvo, 1964
Fyzický popis: 74 s.
Knihy
Uloženo v:
LEADER 00862nam a22002412a 4500
001 000951846
003 CZ BrMZK
005 20091012133744.0
007 ta
008 090701s1964 xo er|||||||||||hun d
040 |a BOA001  |b cze 
041 1 |a hun  |h slo 
100 1 |a Váh, Juraj,  |d 1925-1976  |7 ola2002157253  |4 aut 
245 1 2 |a A lövést senki se hallotta :  |b detektívtörténet három felvonásban /  |c Juraj Váh ; fordít. László Péter 
260 |a Bratislava :  |b Slovenské divadelné a literárne zastupiteľstvo,  |c 1964 
300 |a 74 s. 
500 |a Přeloženo ze slovenštiny 
700 1 |a Péter, László,  |d 1926-2019  |7 jn20031223038  |4 trl 
765 0 |t Výstreľ nik nepočul  |9 Maďarsky 
910 |a BOA001  |b 1-0565.674 
990 |a BK 
991 |b 200906 
996 7 |b 2619468619  |c 1-0565.674  |l MZK  |r Sklad / do 1 hodiny  |n 0  |w 001083740  |u 000010  |a 1  |e BOA001  |j MZK50  |s A